Countries Beginning With I,R,A,N - Statistics

General Stats
  • This quiz has been taken 62 times
  • The average score is 21 of 33
Answer Stats
I % Correct
Iran
95%
Iraq
95%
India
89%
Indonesia
82%
Rwanda
82%
Russia
80%
Romania
77%
Australia
75%
Azerbaijan
73%
Ireland
73%
Italy
73%
Niger
73%
Nigeria
73%
Iceland
70%
Afghanistan
68%
Armenia
68%
Austria
68%
Albania
66%
Angola
61%
Argentina
61%
Israel
61%
Algeria
59%
Nauru
59%
Nepal
55%
New Zealand
55%
Norway
55%
Namibia
52%
Antigua and Barbuda
50%
Netherlands
45%
Nicaragua
43%
North Macedonia
43%
Ivory Coast
36%
Republic of the Congo
30%
No matching quizzes found
Score Distribution
Percent of People with Each Score
Percentile by Number Answered
Your Score History
You have not taken this quiz